000 00314nam a2200145Ia 4500
100 _aJones Franklin
650 _aGeneral
942 _cBK
654 _aEncyclopaedia
245 _aEngineering Encyclopedia
260 _bIndustrial Press
_aNEWYORK
_c1963
082 _a620
300 _a1431
546 _aENGLISH
999 _c19415
_d19415